Fill the Bible Verses #3 - Statistics

General Stats
  • This quiz has been taken 36 times
  • The average score is 10 of 21
Answer Stats
Answer % Correct
but the {seventh} day is a Sabbath to the Lord your God
97%
Remember the {Sabbath} day,
97%
to keep it {holy}.
97%
sharper than any two-edged {sword},
86%
If I ascend to {heaven}, you are there!
69%
We all like {sheep} have gone astray;
69%
{Exodus} 20:8-20a
66%
{Psalms} 139:7-8
62%
and the {Lord} has laid on Him
48%
{Isaiah} 53:6
48%
Or where shall I flee from your {presence}?
41%
Six days you shall {labour} and do all your work,
41%
we have turned - every one - to his own {way}.
41%
of joints and {marrow},
28%
piercing to the division of {soul} and spirit,
28%
If I make my bed in {Sheol}, you are there!
21%
Where shall I go from your {Spirit}?
21%
the {iniquity} of us all.
17%
{Hebrews} 4:12
14%
For the word of God is living and {active},
10%
and {discerning} the thoughts and intentions of the heart.
7%
No matching quizzes found
Score Distribution
Percent of People with Each Score
Percentile by Number Answered
Your Score History
You have not taken this quiz